000 00422nam a22001811a 4500
001 962
003 OSt
005 20260204211716.0
008 040115s2001||||ck ||||||b||||||||||spa||
020 _a958045552x
050 _aR 036 G767e
082 _aR 036 G767e
245 _aGran enciclopedia temática: Grolier
250 _a7 vol.
264 _aColombia : Norma
650 _a1.Enciclopedia GeneralÌ
942 _2ddc
_cBK
999 _c962
_d962